000 00657nam a2200205Ii 4500
003 JO-AjNU
008 230605s9999||||xx |||||||||||||| ||und||
017 _a1989/1123
040 _aJO-AjNU
_bara
_erda
_cJO-AjNU
041 _aara
050 1 4 _aS539.2.M65 1989
100 3 _aعباس ، محمد خضر ,
_eauthor
_913313
245 0 0 _aنشوء ومورفولوجيا التربة
264 3 1 _aالموصل: مديرية دار الكتب للطباعة والنشر، 1989
300 _a209ص
336 _atext
_btxt
_2rdacontent
337 _aunmediated
_bn
_2rdamedia
338 _avolume
_bnc
_2rdacarrier
650 4 _aبنية التربة
_913314
999 _aA3283
_c6851
_d6851